| 000 | 00964cam a22003018i 4500 | ||
|---|---|---|---|
| 999 |
_c57502 _d57502 |
||
| 001 | 19862651 | ||
| 005 | 20221107172148.0 | ||
| 008 | 170804s2018 enk b 001 0 eng | ||
| 010 | _a 2017022450 | ||
| 020 | _a9781780648231 (pbk. : alk. paper) X | ||
| 020 | _z9781780648248 (eBook) X | ||
| 020 | _z9781780648255 (ePub) | ||
| 041 | _aeng | ||
| 042 | _apcc | ||
| 080 | _a338.48+005.5 H-75 | ||
| 082 | 0 | 0 |
_a910.68 _223 |
| 100 | 1 |
_aHolland, Jakki, _eauthor. _98885 |
|
| 245 | 1 | 0 |
_aTour operators and operations : _bdevelopment, management and responsibility / _cby Jakki Holland and David Leslie. |
| 263 | _a1710 | ||
| 264 | 1 |
_aWallingford, Oxfordshire ; _aBoston, MA : _bCABI, _c2018. |
|
| 300 | _apages cm | ||
| 650 | 0 |
_aTourism _xManagement. _98886 |
|
| 650 | 0 |
_aPackage tours. _98887 |
|
| 653 | _aტურიზმი | ||
| 653 | _aმენეჯმენტი | ||
| 700 | 1 |
_aLeslie, David, _d1951- _eავტორი _98888 |
|
| 942 |
_2udc _cBK |
||